Tintin et la France - Statistiques

Statistiques générales
  • Ce quiz a été pris 123 fois
  • Le résultat moyen est 16 sur 22
Statistiques - réponses
Questions Réponses % Correct
Ville bretonne dont le tonnerre inspire à Haddock l'une de ses expressions les plus célèbres. Brest
93%
Monument parisien que grimpaient les Dupondts à la recherche de Tournesol grâce au pendule de ce dernier qui indiquait que son propriétaire devait être dans un endroit très haut ("Le Temple du Soleil"). Plus tard, l'Émir émit le projet de racheter ce monument pour en faire un derrick ("Tintin et l'alph-art"). La Tour Eiffel
87%
Paquebot, fleuron de la Compagnie générale transatlantique, sur lequel Tintin s'embarqua depuis New York pour rejoindre l'Europe. Il n'est pas cité nominalement par Hergé. Le nom de ce paquebot est également celui d'une région de France bien connue. Le Normandie
86%
Ports français vers lesquels Mitsuhirato envoie des cargos chargés d'opium. Le Havre
85%
Scientifique français, pionnier de la microbiologie, connu pour avoir mis au point un vaccin contre la rage, fondateur de l'institut qui porte son nom. Dans "Le Crabe aux pinces d'or", Tintin dit au passager d'un taxi qu'il doit se rendre à cet institut car il s'est fait mordre par son chien "enragé", et ce dans le but de faire fuir ce passager. Louis Pasteur
84%
Grand lac situé sur une frontière française. Tintin poursuivit en hélicoptère les ravisseurs de Tournesol qui naviguaient à vive allure sur ce lac en se dirigeant vers la France. Le Lac Léman
83%
Port français du duché historique de Bretagne où Tintin et Haddock retrouvent la voiture des ravisseurs de Tournesol (dans "Les Sept Boules de cristal"). Saint-Nazaire
82%
Roi de France qui offrit le Château de Moulinsart au Chevalier François de Hadoque. Louis XIV
81%
Dessert alcoolisé d'origine lorraine, savarin servi imbibé d'un sirop. Hergé s'est servi du nom de ce dessert pour imaginer le nom d'une tribu fictive du Congo (avec une graphie différente). Le baba au rhum
80%
Spécialité de la ville de Montélimar qui fait partie d'une insulte proférée par le Capitaine Haddock dans "Le Crabe aux pinces d'or" (pl.37) et dans "Le Temple du Soleil" (pl.33) : "Tchouk-tchouk-_____". Le nougat
80%
Roi du peuple celte des Arvernes, vaincu par Jules César à la bataille d'Alésia. Le Capitaine Haddock fait référence à lui dans une insulte adressée aux Dupondts ("On a marché sur la lune", pl. 20). Ceux-ci venaient de subir une rechute de la poussée capillaire due au N14 ("Tintin au Pays de l'or noir) qui les faisaient ressembler à ce roi : "espèces de _____________ de carnaval". Vercingétorix
80%
Ports français vers lesquels Mitsuhirato envoie des cargos chargés d'opium. Marseille
78%
Ligne de fortification construite par la France le long de sa frontière orientale en 1928 et restée opérationnelle jusqu'en 1940. Les souterrains du Palais du Dr. Muller évoque cette ligne à Tintin. La Ligne Maginot
76%
Dynastie des premiers rois de France qui régna du Ve jusqu'au milieu du VIIIe siècle. Le Professeur Tournesol fouilla le jardin du Château de Moulinsart de fond en comble car son pendule semblait lui indiquer qu'il y avait un tombeau de cette époque dans les environs. Nestor Halambique possède également une bague à intaille de cette époque dans sa collection. Les mérovingiens
76%
Roi de France qui donna son nom au style de mobilier de la chambre de Mme Castafiore lorsqu'elle séjourna au château. Louis XIII
70%
Port français de l'ancienne province d'Aunis où Milou retrouve le chapeau de Tournesol. La Rochelle
69%
Roi de France, père du précédent, dont Mme Castafiore pensait qu'il avait donné son nom au style mobilier de sa chambre d'invités du Château de Moulinsart. Henri IV
66%
Grande ville de France qui donna son nom au paquebot (dont le port d'attache est l'un des précédent) sur lequel Tintin s'embarqua pour l'Amérique du Sud dans "L'Oreille cassée", paquebot qui donne également à Tintin des nouvelles lorsqu'il enquête sur le prétendu naufrage du Vilnaranda dans "L'Étoile mystérieuse" : Le Ville-de-___. Lyon
64%
Roi de France médiéval dont Nestor Halambique possède le sceau dans sa collection. Saint Louis
51%
Ministre d'État du début du règne du précédent. Son portrait est accroché au mur de la chambre d'invités du Château de Moulinsart qu'occupait Bianca Castafiore lors de son passage au château. Le Cardinal Jules Mazarin
49%
Musée parisien dont l'Émir ben Kalish Ezab pensait qu'il s'agissait d'une raffinerie recyclée en musée alors qu'il s'agit véritablement d'un musée ("Tintin et l'alph-art"). Beaubourg
38%
Chapelet d'îles au large d'Ajaccio près duquel le yacht de l'expert en art Jacques Monastir dériva avant de disparaître ("Tintin et l'alph-art"). Les Îles Sanguinaires
31%
Aucun quiz correspondant
Distribution des résultats
% des personnes avec chaque résultat
Percentile par nombre de réponses
Votre historique - résultats
Vous n’avez pas pris ce quiz